000 01414nam a2200301 i 4500
003 CSPC
005 20240215140929.0
008 230717s2021 nyua 001 0 eng d
020 _a9781641728058
040 _cCSPC
050 4 _aTK452
_b.E44
082 4 _a621.31924
_bSco832e
_223
100 1 _aScott, Harper,
_eauthor.
245 1 0 _aElectrical installation and maintenance :
_bbasic and intermediate /
_cHarper Scott.
264 1 _aNew York :
_bLarsen and Keller,
_c2021.
300 _aviii, 235 pages :
_bcolor illustrations ;
_c27 cm.
336 _2rdacontent
_atext
337 _2rdamedia
_aunmediated
338 _2rdacarrier
_avolume
504 _aIncludes bibliographical references and index.
505 0 _aElectrical installation : an introduction -- Electrical maintenance and repair -- Measuring power, current and energy -- Electrical testing -- Electrical safety and precautions.
650 4 _aElectric apparatus and appliances
_xInstallation.
650 4 _aElectric apparatus and appliances
_xMaintenance and repair.
650 4 _aElectric apparatus and appliances
_xInstallation
_xVocational guidance.
650 4 _aElectric apparatus and appliances
_xMaintenance and repair
_xVocational guidance.
942 _2ddc
_cBK
_h621.319
_iSco832e
_kENG
_m2021
_n0
999 _c25789
_d25789